[Event "ZI-2011-0-00866"]
[Site "LSS email"]
[Date "2011.01.23"]
[Round "?"]
[White "Edwards, KEDG"]
[Black "Idol, Harry"]
[Result "1-0"]
[WhiteElo "1782"]
[BlackElo "1858"]
[PlyCount "39"]
[EventDate "2011.01.15"]
[EventType "match (corr)"]
[EventRounds "2"]
[EventCountry "GER"]
[SourceTitle "Telechess CBM 145"]
[Source "Chessbase"]
[SourceDate "2011.11.11"]
[SourceVersion "1"]
[SourceVersionDate "2011.11.11"]
[SourceQuality "1"]

1. e4 c5 2. c3 Nf6 3. e5 Nd5 4. Nf3 Nc6 5. Bc4 Nb6 6. Bb3 d5 7. exd6 Qxd6 8. Na3 Be6 9. 0-0 Bxb3 10. axb3 Qd3 11. Re1 e6 12. Re3 Qd5 13. d3 Be7 14. Nc4 0-0 15. Nfe5 Nxe5 16. Rxe5 Qc6 17. Rh5 g6 18. Rh3 Nxc4 19. bxc4 Rfe8 20. Bf4 1-0

[Event "IECG C1.2000.0.00265"]
[Site "IECG email"]
[Date "2000.03.05"]
[Round "?"]
[White "Idol, Harry"]
[Black "Snyder, Marcos"]
[Result "0-1"]
[WhiteElo "1858"]
[BlackElo "1974"]
[PlyCount "34"]
[EventDate "2000.03.05"]
[EventType "tourn (corr)"]
[EventRounds "6"]
[SourceTitle "Corr 2008"]
[Source "ChessBase"]
[SourceDate "2008.06.24"]
[SourceVersion "1"]
[SourceVersionDate "2008.06.24"]
[SourceQuality "1"]

1. e4 c5 2. Nf3 d6 3. d4 cxd4 4. Nxd4 Nf6 5. Nc3 a6 6. g3 e5 7. Nde2 b5 8. Bg2 Bb7 9. h3 Be7 10. g4 b4 11. Nd5 Nxd5 12. exd5 0-0 13. Ng3 Re8 14. Be3 Nd7 15. Qd2 a5 16. Nf5 Bf8 17. 0-0-0 Rc8 0-1